Περιβάλλον και συνείδηση στην αρχαία Ελλάδα
Αποθηκεύτηκε σε:
| Κύριος συγγραφέας: | |
|---|---|
| Μορφή: | Βιβλίο |
| Γλώσσα: | Greek |
| Δημοσίευση: |
Αθήνα :
Αρσενίδης,
1997
|
| Θέματα: | |
| Ετικέτες: |
Προσθήκη ετικέτας
Δεν υπάρχουν, Καταχωρήστε ετικέτα πρώτοι!
|
MARC
| LEADER | 00000nam a2200000 i 4500 | ||
|---|---|---|---|
| 001 | 1/54422 | ||
| 008 | 070911s1997 gre d | ||
| 020 | |a 960-253-051-0 | ||
| 035 | |l 10090570 | ||
| 040 | |a GR-MY-UA |b gre |e aacr | ||
| 041 | 0 | |a gre | |
| 082 | 0 | |a 205.691 |2 (22) | |
| 100 | 1 | |a Μπουρατινός, Αιμίλιος. | |
| 245 | 1 | 0 | |a Περιβάλλον και συνείδηση στην αρχαία Ελλάδα / |c Αιμίλιος Μπουρατίνος |
| 246 | 3 | 3 | |a Περιβάλλον & συνείδηση στην αρχαία Ελλάδα |
| 260 | |a Αθήνα : |b Αρσενίδης, |c 1997 | ||
| 300 | |a 108 σ.; |c 21 εκ. | ||
| 504 | |a Περιέχει βιβλιογραφία | ||
| 650 | 0 | 0 | |a Ecology. |
| 650 | 0 | 0 | |a Paleoecology. |
| 650 | 0 | 0 | |a Nature and nurture. |
| 650 | 0 | 0 | |a Environmental problems. |
| 852 | |a INST |b LESVOS |e 20070911 |h 205.691 ΜΠΟ |p 005100037678 |q 005100037678 |t BK |y 0 | ||
| 901 | |a BIBL1-2007-3 | ||
| 909 | |a Λ |b 136491 | ||
| 922 | |a 1ΕΛΗ |b 2007-07 |c ΕΠΕΑΕΚ2/ΤΠ |d Σ. ΠΑΤΑΚΗΣ | ||
| 970 | |a ΧΑΤΖΗΜΙΧΑΗΛ |b ΜΑΡΙΑ |z 2007/09/11 | ||